00681cam a2200205u 45000010005000000030008000050050017000130080041000300350018000710400033000890410008001220820028001301000058001582450117002162600046003333000025003795050019004046500022004236500030004459557BD-RjUL20211208234810.0140121r19461941enka 001 0 eng d a(BD-RjUL)9602 aDLCcCarPdDLCdBD-RjULbeng aeng 223a541.37082bSAE 19461 aSand, Henry Julius Salomon,d1873- [from old catalog]00aElectrochemistry and electrochemical analysis :ba theoreticaland practical treatise for students and analysts / aLondon :bBlackiec1941 [reprinted 1946 ] av. :bill. ;c18 cm. aVol. 2 V. 3 -- 0aElectrochemistry. 0aElectrochemical analysis.